[Event "Moscow Open F Women"]
[Site "Moscow RUS"]
[Date "2011.02.01"]
[Round "4.18"]
[White "Nakhbayeva, Guliskhan"]
[Black "Tereshechkina, Maya"]
[Result "1-0"]
[WhiteTitle "WIM"]
[WhiteElo "2209"]
[BlackElo "2026"]
[WhiteFideId "13704788"]
[BlackFideId "4194578"]
[EventDate "2011.01.29"]

1. d4 c5 2. d5 d6 3. e4 g6 4. Nc3 Bg7 5. Bb5+ Bd7 6. a4 a6 7. Be2 Bxc3+ 8. bxc3
Qa5 9. Bd2 Nf6 10. c4 Qc7 11. Bd3 Bg4 12. f3 Bc8 13. Ne2 Nbd7 14. f4 e6 15. O-O
exd5 16. exd5 O-O 17. Ng3 Rb8 18. a5 b5 19. axb6 Qxb6 20. Kh1 Re8 21. Ba5 Qa7
22. Qd2 Bb7 23. f5 Rbc8 24. Bc3 Ng4 25. h3 Nge5 26. f6 1-0

[Event "Moscow Open F Women"]
[Site "Moscow RUS"]
[Date "2011.02.01"]
[Round "4.19"]
[White "Matsenko, Elena"]
[Black "Shaydullina, Sandugach"]
[Result "0-1"]
[WhiteTitle "WFM"]
[BlackTitle "WGM"]
[WhiteElo "2039"]
[BlackElo "2207"]
[WhiteFideId "4172892"]
[BlackFideId "4140389"]
[EventDate "2011.01.29"]

1. d4 d5 2. c4 c6 3. cxd5 cxd5 4. Nc3 Nf6 5. Nf3 Nc6 6. Bf4 e6 7. e3 Be7 8. Bd3
O-O 9. O-O Nh5 10. Be5 f6 11. Bg3 Nxg3 12. hxg3 f5 13. Rc1 Bd6 14. Qe2 Bd7 15.
Rfd1 Rc8 16. Bb1 Qe7 17. Bd3 Rf6 18. Nd2 Rg6 19. Nf1 Rf8 20. f4 Be8 21. Qf2 Rh6
22. a3 g5 23. Nd2 gxf4 24. gxf4 Kh8 25. Nf3 Bh5 26. Be2 Rg8 27. Ng5 Be8 28. Bf3
Rxg5 29. fxg5 Bh2+ 30. Kf1 Qxg5 31. Ne2 Bd6 32. Ke1 Bd7 33. Kd2 Na5 34. Rc3 Ba4
35. Rc8+ Kg7 36. Rg1 Nc4+ 37. Rxc4 dxc4 38. Bxb7 f4 39. Be4 e5 40. exf4 exf4 41.
Qf3 Bd7 42. Kc2 Bg4 43. Qf2 Qb5 44. Kc1 Qb3 45. Bc2 Qe3+ 46. Qxe3 fxe3 47. Bd1
Rf6 48. Nc3 Bxd1 49. Kxd1 Rf2 50. Re1 Rd2+ 51. Kc1 Bf4 52. Ne2 Bg5 53. g3 Kg6
54. Nf4+ Bxf4 55. gxf4 Rd3 56. Kc2 Kf5 57. Rh1 Ke4 58. Rxh7 e2 59. f5 Kf3 60.
Rh1 Kg2 61. Re1 Kf2 62. Rxe2+ Kxe2 63. f6 Rxd4 64. Kc3 Ke3 65. a4 Rf4 66. a5 a6
67. f7 Rxf7 68. Kxc4 Ke4 0-1

[Event "Moscow Open F Women"]
[Site "Moscow RUS"]
[Date "2011.02.01"]
[Round "4.20"]
[White "Drozdova, Dina"]
[Black "Anu, Bayar"]
[Result "1-0"]
[WhiteElo "2203"]
[BlackElo "1957"]
[WhiteFideId "4170695"]
[BlackFideId "4901339"]
[EventDate "2011.01.29"]

1. d4 Nf6 2. c4 e6 3. Nc3 c5 4. d5 exd5 5. cxd5 d6 6. e4 g6 7. Be2 Bg7 8. Nf3
O-O 9. O-O Bg4 10. Bf4 a6 11. a4 Nh5 12. Be3 Nd7 13. Nd2 Bxe2 14. Qxe2 Qf6 15.
f4 Qe7 16. Rae1 Rfe8 17. Qf3 b5 18. g4 b4 19. Nd1 Nhf6 20. Bf2 Nb6 21. a5 Na4
22. g5 Nh5 23. Nc4 b3 24. Qxb3 Nxb2 25. Ndxb2 Rab8 26. Nb6 Nxf4 27. Bh4 Qe5 28.
N2c4 Qd4+ 29. Bf2 Rxb6 30. axb6 1-0

[Event "Moscow Open F Women"]
[Site "Moscow RUS"]
[Date "2011.02.01"]
[Round "4.21"]
[White "Severina, Maria"]
[Black "Baraeva, Irina"]
[Result "1/2-1/2"]
[BlackTitle "WFM"]
[WhiteElo "2032"]
[BlackElo "2201"]
[WhiteFideId "4116909"]
[BlackFideId "24142565"]
[EventDate "2011.01.29"]

1. d4 d5 2. c4 c6 3. Nf3 Nf6 4. Nc3 dxc4 5. a4 Bf5 6. e3 e6 7. Bxc4 Bb4 8. O-O
O-O 9. h3 Nbd7 10. Nh4 Bg6 11. Nxg6 hxg6 12. Qe2 Qe7 13. e4 e5 14. d5 cxd5 15.
Nxd5 Nxd5 16. Bxd5 Nf6 17. Bg5 Rac8 18. Rac1 Qd7 19. Bb3 Qd6 20. Rfd1 Qb6 21.
Rxc8 Rxc8 22. Bxf6 Qxf6 23. Rd7 Rc1+ 24. Kh2 Re1 25. Qg4 Qf4+ 26. Qxf4 exf4 27.
Rxf7 Kh7 28. e5 Rxe5 29. Rxf4 Bd6 30. g3 b6 31. Bc4 g5 32. Rf7 a5 33. Bd3+ Kg8
34. Rd7 Bc5 35. Kg2 Re8 36. Bc4+ Kh7 37. f4 gxf4 38. gxf4 Kh6 39. b3 Rf8 40. Kg3
Be3 41. Bf7 Bc5 42. Kg4 Rc8 43. Rd3 g6 44. Rd7 Rc6 45. Bc4 Rd6 46. Rf7 Rd8 47.
Rf6 Rd6 48. Rf8 Rd7 49. Rh8+ Rh7 50. Rd8 Re7 51. Bd3 Re6 52. Rg8 Kh7 53. Rc8 Rd6
54. Bc4 Rd7 55. h4 Rd4 56. Rc7+ Kh6 57. Rf7 Rd2 58. Rb7 Rd8 59. Be6 Re8 60. f5
gxf5+ 61. Bxf5 Re7 62. Rb8 Rg7+ 63. Kf3 Rg3+ 64. Ke4 Rxb3 65. Rh8+ Kg7 66. Rh7+
Kf6 67. Bd7 Rb4+ 68. Kf3 Kg6 1/2-1/2

[Event "Moscow Open F Women"]
[Site "Moscow RUS"]
[Date "2011.02.01"]
[Round "4.22"]
[White "Bezgodova, Maria"]
[Black "Smirnova, Ekaterina"]
[Result "1-0"]
[WhiteTitle "WFM"]
[WhiteElo "2190"]
[BlackElo "2018"]
[WhiteFideId "24111260"]
[BlackFideId "4110943"]
[EventDate "2011.01.29"]

1. e4 e5 2. Nf3 Nf6 3. Nxe5 d6 4. Nf3 Nxe4 5. d3 Nf6 6. d4 d5 7. Bd3 Bd6 8. O-O
O-O 9. Bg5 h6 10. Bh4 Bg4 11. Re1 Nbd7 12. Nbd2 Re8 13. Bg3 Bxg3 14. hxg3 c6 15.
Rxe8+ Qxe8 16. Nf1 Ne4 17. Ne3 Bh5 18. g4 Bg6 19. Nh4 Bh7 20. Nhf5 Ndf6 21. f3
Ng5 22. Qd2 Qd7 23. Qf2 Re8 24. f4 Nge4 25. Qh4 h5 26. Bxe4 Nxe4 27. Qxh5 Ng3
28. Nxg3 Rxe3 29. Kf2 Re6 30. f5 Rh6 31. Qg5 f6 32. Qf4 Kf7 33. Re1 Rh4 34. Kf3
g6 35. fxg6+ Bxg6 36. c3 a6 37. b3 a5 38. a3 b6 39. c4 dxc4 40. bxc4 a4 41. Ne4
Bxe4+ 42. Rxe4 Rh1 43. Kg3 b5 44. g5 Qd8 45. gxf6 Qxf6 46. Qc7+ Kg6 47. Rf4 Qe6
48. Rg4+ Kh5 49. Qh7+ Qh6 50. Qf5+ 1-0

[Event "Moscow Open F Women"]
[Site "Moscow RUS"]
[Date "2011.02.01"]
[Round "4.24"]
[White "Semenova, Elena"]
[Black "Egorova, Ayyyna"]
[Result "1-0"]
[WhiteTitle "WFM"]
[BlackTitle "WCM"]
[WhiteElo "2139"]
[BlackElo "1847"]
[WhiteFideId "24125148"]
[BlackFideId "24136611"]
[EventDate "2011.01.29"]

1. e4 c5 2. Nf3 d6 3. d4 cxd4 4. Nxd4 Nf6 5. Nc3 g6 6. Be3 Bg7 7. f3 O-O 8. Qd2
Nc6 9. O-O-O Rb8 10. g4 Bd7 11. h4 b5 12. Nxc6 Bxc6 13. h5 Qa5 14. Kb1 b4 15.
Nd5 Bxd5 16. exd5 Nd7 17. hxg6 fxg6 18. Qh2 h5 19. gxh5 Rxf3 20. Bg5 Ra3 21. Bc4
b3 22. cxb3 Rxa2 23. Bc1 Ra1+ 24. Kc2 Qa2 25. hxg6 Qb1+ 26. Kd2 Nf6 27. Qh3 Qe4
28. Rde1 Qd4+ 29. Kc2 Ng4 30. Qh7+ Kf8 31. Rhf1+ Nf2 32. Re2 Ra2 33. Rfxf2+ Ke8
34. Rxe7+ Kxe7 35. Rf7+ 1-0

[Event "Moscow Open F Women"]
[Site "Moscow RUS"]
[Date "2011.02.01"]
[Round "4.28"]
[White "Styazhkina, Anna"]
[Black "Levushkina, Elena"]
[Result "0-1"]
[WhiteTitle "WFM"]
[BlackTitle "WGM"]
[WhiteElo "1999"]
[BlackElo "2318"]
[WhiteFideId "24119300"]
[BlackFideId "14200686"]
[EventDate "2011.01.29"]

1. e4 e5 2. Nf3 Nc6 3. Bb5 Nge7 4. Nc3 Ng6 5. d4 exd4 6. Nxd4 a6 7. Bxc6 dxc6 8.
O-O Be7 9. f4 O-O 10. Be3 f6 11. Qe2 Qe8 12. Rad1 Bd6 13. Qf2 Qf7 14. Rfe1 Bd7
15. Nb3 Rad8 16. Nc5 Bc8 17. Nd3 b6 18. Bc1 Rfe8 19. h3 a5 20. Kh1 Bb7 21. b3 c5
22. Nb2 Bf8 23. Rxd8 Rxd8 24. Nc4 Re8 25. a4 Ba6 26. Ne3 c6 27. Nf5 Qc7 28. Be3
Bc8 29. Ng3 Nh8 30. Rd1 Nf7 31. Nce2 Rd8 32. Re1 Re8 33. Rd1 Bd6 34. Nc1 Nh8 35.
Nd3 Ng6 36. Rf1 Ba6 37. Nf5 Rxe4 38. Nxd6 Qxd6 39. Rd1 Qe7 40. Re1 c4 41. bxc4
Bxc4 42. Qf3 Nh4 43. Qf2 Nf5 44. Bd2 Bxd3 45. cxd3 Rxe1+ 46. Bxe1 Qe3 47. Qa2+
Kf8 48. Bf2 Qc1+ 49. Bg1 Ng3+ 50. Kh2 Nf1+ 51. Kh1 Qxf4 52. Qe6 Ng3+ 53. Kh2
Ne2+ 54. Kh1 Nxg1 55. Qc8+ Kf7 56. Qd7+ Kg6 57. Qe8+ Kh6 58. Kxg1 Qd4+ 59. Kh1
Qa1+ 0-1

[Event "Moscow Open F Women"]
[Site "Moscow RUS"]
[Date "2011.02.01"]
[Round "4.29"]
[White "Abdumalik, Zhansaya"]
[Black "Butuc, Maria"]
[Result "1/2-1/2"]
[WhiteTitle "WFM"]
[BlackTitle "WIM"]
[WhiteElo "1938"]
[BlackElo "2188"]
[WhiteFideId "13703544"]
[BlackFideId "13902911"]
[EventDate "2011.01.29"]

1. e4 c6 2. d4 d5 3. Nc3 dxe4 4. Nxe4 Bf5 5. Ng3 Bg6 6. h4 h6 7. Nf3 Nd7 8. h5
Bh7 9. Bd3 Bxd3 10. Qxd3 e6 11. Bd2 Ngf6 12. O-O-O Be7 13. c4 b5 14. cxb5 cxb5
15. Kb1 O-O 16. Ne4 Nxe4 17. Qxe4 Nf6 18. Qe2 Qd5 19. Ne5 Rac8 20. f3 b4 21. Qe3
a5 22. g4 Nh7 23. Qe4 Qxe4+ 24. fxe4 Rfd8 25. Bc1 a4 26. Rhe1 Bd6 27. Nf3 Rc4
28. Be3 a3 29. Nd2 Rcc8 30. b3 Bg3 31. Rg1 Bh2 32. Rg2 Bb8 33. Re1 Ba7 34. Nf3
Rc3 35. e5 Ng5 36. Nxg5 hxg5 37. Bxg5 Rxd4 38. Be3 Re4 39. Bd2 Rxe1+ 40. Bxe1
Rh3 41. Bxb4 Bd4 42. Bxa3 Bxe5 43. Bb2 Bd6 44. Kc2 Bf8 45. a3 f5 46. gxf5 exf5
47. Rg5 f4 48. Rf5 Bd6 49. b4 f3 50. b5 Rh2+ 51. Kb3 f2 52. Bd4 Rxh5 53. Rxf2
Rxb5+ 54. Kc4 Ra5 55. Rg2 g5 56. Bf6 1/2-1/2

[Event "Moscow Open F Women"]
[Site "Moscow RUS"]
[Date "2011.02.01"]
[Round "4.30"]
[White "Eryshkanova, Anastasiya"]
[Black "Dordzhieva, Dinara"]
[Result "1-0"]
[WhiteTitle "WFM"]
[BlackTitle "WCM"]
[WhiteElo "2168"]
[BlackElo "1929"]
[WhiteFideId "24119059"]
[BlackFideId "24157570"]
[EventDate "2011.01.29"]

1. Nf3 Nf6 2. g3 g6 3. Bg2 Bg7 4. d4 O-O 5. O-O d6 6. c4 Nc6 7. Nc3 e5 8. d5 Ne7
9. e4 Nd7 10. Rb1 f5 11. b4 Nf6 12. Ng5 h6 13. Ne6 Bxe6 14. dxe6 fxe4 15. Nxe4
Qc8 16. Be3 Kh8 17. Qd2 Ng4 18. Nc3 Nxe3 19. fxe3 Qxe6 20. Bxb7 Rxf1+ 21. Rxf1
Rb8 22. Bd5 Nxd5 23. cxd5 Qg4 24. a3 Qc4 25. Rc1 Qb3 26. Qa2 Qxa2 27. Nxa2 Rb7
28. a4 Kg8 29. Kf2 Kf7 30. Kf3 Ke7 31. Rc6 h5 32. Ke4 Kd7 33. b5 Bh6 34. Nb4 a5
35. Nd3 Rb6 36. Rc2 Rb8 37. Rf2 Ke7 38. Nb2 Rd8 39. Rc2 Kd7 40. Nc4 Rb8 41. Rf2
Rg8 42. Rf7+ Kc8 43. Nxa5 g5 44. Nc6 Rh8 45. a5 h4 46. a6 hxg3 47. hxg3 g4 48.
b6 1-0

[Event "Moscow Open F Women"]
[Site "Moscow RUS"]
[Date "2011.02.01"]
[Round "4.31"]
[White "Krasenkova, Ilena"]
[Black "Vasenina, Anna"]
[Result "1/2-1/2"]
[WhiteTitle "WIM"]
[BlackTitle "WFM"]
[WhiteElo "2121"]
[BlackElo "1857"]
[WhiteFideId "4119037"]
[BlackFideId "4177207"]
[EventDate "2011.01.29"]

1. d4 d5 2. c4 e6 3. Nf3 Nf6 4. g3 dxc4 5. Bg2 Nc6 6. Qa4 Bb4+ 7. Bd2 Nd5 8.
Bxb4 Nxb4 9. O-O Rb8 10. Nc3 a6 11. Ne5 O-O 12. Nxc6 Nxc6 13. Bxc6 bxc6 14. Qxc4
Qd6 15. a3 Rxb2 16. Na4 Rb5 17. Rfc1 h6 18. e3 e5 19. Qxc6 exd4 20. Qxd6 cxd6
21. exd4 Bh3 22. Nc3 Rb2 23. Nd5 g5 24. Ne3 f5 25. Nc4 Re2 26. Re1 Rfe8 27. Rxe2
Rxe2 28. d5 Kf8 29. Nxd6 Rd2 30. Nc4 Rxd5 31. f3 Rd3 32. Kf2 Rc3 33. Nd2 Ke7 34.
a4 Kd6 35. Rb1 Kd5 36. Rb6 Rc6 37. Rb8 Kd4 38. Nb3+ Kd3 39. Rd8+ Kc3 40. Nd4 Rb6
41. a5 Rb2+ 42. Ne2+ Kc4 43. Rd6 g4 44. f4 Bg2 45. Rxa6 Bf3 46. Re6 Ra2 47. h3
h5 48. hxg4 hxg4 49. a6 Kd3 50. Rd6+ Kc4 51. Re6 Kd3 52. Re3+ Kc4 53. Re7 Rxa6
54. Rc7+ Kd3 55. Nc1+ Ke4 56. Re7+ Kd4 57. Nb3+ Kc3 58. Re3+ Kb4 59. Nd2 Ra2 60.
Rd3 Be4 61. Rd8 Kc5 62. Ke2 Bd5 63. Rf8 Be4 64. Rc8+ Kd4 65. Rc4+ Kd5 66. Rb4
Kc5 67. Rb3 Kd4 68. Rb4+ Kc5 69. Rc4+ Kd5 70. Rc8 Kd4 71. Rd8+ Bd5 72. Rd7 Kc5
73. Rc7+ Kd4 74. Rd7 Kc5 75. Rc7+ 1/2-1/2

[Event "Moscow Open F Women"]
[Site "Moscow RUS"]
[Date "2011.02.01"]
[Round "4.32"]
[White "Mestnikova, Tuyara"]
[Black "Tsepennikova, Tatyana"]
[Result "0-1"]
[BlackTitle "WFM"]
[WhiteElo "1852"]
[BlackElo "2104"]
[WhiteFideId "4127358"]
[BlackFideId "4153901"]
[EventDate "2011.01.29"]

1. Nf3 Nf6 2. d4 g6 3. c4 Bg7 4. Nc3 O-O 5. g3 d6 6. Bg2 Nbd7 7. O-O e5 8. dxe5
dxe5 9. Qc2 c6 10. Rd1 Qc7 11. Bh3 Re8 12. e4 Nc5 13. Bxc8 Raxc8 14. Be3 Ne6 15.
Na4 Ng4 16. Bxa7 b5 17. cxb5 cxb5 18. Qxc7 Rxc7 19. Nc3 Rxa7 20. Nxb5 Ra4 21. a3
Rb8 22. Nc3 Rc4 23. Rab1 Nd4 24. Nd2 Rc6 25. Nd5 Rc2 26. b4 Rxd2 27. Rxd2 Nf3+
28. Kg2 Nxd2 29. Re1 Ra8 30. f3 Nf6 31. Re3 Nc4 32. Rc3 Nxa3 33. Nb6 Rb8 34. Nd5
Nxd5 35. exd5 Nb5 36. Rc6 Nd4 37. Rc4 Bf8 38. f4 f6 39. Kf2 Bxb4 40. fxe5 fxe5
41. Ke3 Bd6 42. Ra4 Rb3+ 43. Ke4 Nf5 0-1

[Event "Moscow Open F Women"]
[Site "Moscow RUS"]
[Date "2011.02.01"]
[Round "4.33"]
[White "Markelova, Lubov"]
[Black "Chadaeva, Tatiana"]
[Result "1-0"]
[WhiteElo "2076"]
[BlackElo "1835"]
[WhiteFideId "24131369"]
[BlackFideId "24152757"]
[EventDate "2011.01.29"]

1. Nf3 d5 2. d4 Nf6 3. c4 dxc4 4. Nc3 a6 5. e4 e6 6. Bxc4 c5 7. e5 cxd4 8. Nxd4
Nfd7 9. Bxe6 Nxe5 10. Bxc8 Qxc8 11. Qe2 Qc5 12. Bf4 Nd7 13. Rd1 Be7 14. Nb3 Qc4
15. Nd5 Qxe2+ 16. Kxe2 Bd8 17. Rhe1 O-O 18. Kf1 f6 19. Nd4 Kf7 20. Nf5 b5 21. b3
g6 22. Nd6+ Kg7 23. Bc1 Nb6 24. Nf4 Kh8 25. Ne6 Rg8 26. Rxe5 1-0

[Event "Moscow Open F Women"]
[Site "Moscow RUS"]
[Date "2011.02.01"]
[Round "4.37"]
[White "Sazonova, Elena N."]
[Black "Arnatskaya, Zoya"]
[Result "1-0"]
[WhiteTitle "WIM"]
[WhiteElo "2162"]
[BlackElo "1867"]
[WhiteFideId "4109767"]
[BlackFideId "24137081"]
[EventDate "2011.01.29"]

1. e4 d5 2. exd5 Qxd5 3. Nc3 Qa5 4. d4 Nf6 5. Nf3 Bf5 6. Ne5 c6 7. Bc4 e6 8. Bd2
Qb6 9. Bc1 Bd6 10. Bb3 Qc7 11. Qe2 Nbd7 12. g4 Bxe5 13. gxf5 Bxd4 14. fxe6 fxe6
15. Qxe6+ Kd8 16. O-O Nc5 17. Qc4 Nxb3 18. axb3 Be5 19. h3 Kc8 20. Re1 Nd7 21.
Be3 a6 22. Rad1 Rf8 23. Qe6 Bf6 24. Na4 Rd8 25. Bb6 1-0

[Event "Moscow Open F Women"]
[Site "Moscow RUS"]
[Date "2011.02.01"]
[Round "4.39"]
[White "Ivanova, Karina"]
[Black "Maslova, Elena"]
[Result "0-1"]
[WhiteElo "1865"]
[BlackElo "2065"]
[WhiteFideId "24139750"]
[BlackFideId "24102385"]
[EventDate "2011.01.29"]

1. d4 d5 2. c4 Bf5 3. Nf3 e6 4. Nc3 Nc6 5. e3 Nb4 6. e4 dxe4 7. Ng5 e3 8. Nge4
exf2+ 9. Kxf2 Nf6 10. Ke3 g6 11. a3 Nc6 12. d5 Nxe4 13. Nxe4 Bh6+ 14. Kf2 Bxe4
15. Bxh6 Qh4+ 16. Ke3 O-O-O 17. Bf4 exd5 18. Qe1 Qf6 19. Qf2 Qd4+ 0-1

[Event "Moscow Open F Women"]
[Site "Moscow RUS"]
[Date "2011.02.01"]
[Round "4.40"]
[White "Paramzina, Anastasya"]
[Black "Khobotova, Olesia"]
[Result "1-0"]
[WhiteElo "1860"]
[BlackElo "1991"]
[WhiteFideId "4165012"]
[BlackFideId "24129550"]
[EventDate "2011.01.29"]

1. e4 e5 2. Nf3 Nc6 3. Bb5 Nf6 4. O-O Nxe4 5. d4 Nd6 6. Bxc6 dxc6 7. Nxe5 Be6 8.
b3 Nf5 9. Bb2 Bd6 10. Re1 O-O 11. Qd3 Qg5 12. Nf3 Qh5 13. Nbd2 Nh6 14. c4 Ng4
15. h3 Nf6 16. Ne5 Rad8 17. Qc3 Qh6 18. Rad1 Nh5 19. Nf1 Nf4 20. Bc1 Qh4 21. Qf3
Ng6 22. Nd3 Rd7 23. Kh1 Qxd4 24. c5 Bxc5 25. Be3 Nh4 26. Qh5 Qe4 27. f3 Qg6 28.
Qxg6 Nxg6 29. Nxc5 Rxd1 30. Rxd1 Bc8 31. Ne4 b6 32. b4 Ne7 33. Nc3 Be6 34. a3 f6
35. Bf4 Rc8 36. Bg3 Nf5 37. Bf2 Nd6 38. Ne3 Kf7 39. Ne2 Nb5 40. a4 Nd6 41. Rc1
Bb3 42. a5 Ba4 43. Nd4 Nb7 44. Ra1 c5 45. Ndf5 Bd7 46. axb6 axb6 47. bxc5 Nxc5
48. Ra7 g6 49. Nd4 Ne6 50. Nxe6 Kxe6 51. Bg3 c5 52. Nc4 Rc6 53. Rb7 b5 54. Rxb5
Rc8 55. Rb2 Ra8 56. Re2+ Kf7 57. Nd6+ Kf8 58. Rc2 Ra5 59. Nb7 Ra1+ 60. Kh2 Bf5
61. Rxc5 Kg7 62. Rc7+ Kh6 63. Nd6 Be6 64. Nf7+ Bxf7 65. Rxf7 Ra6 66. Rd7 Ra4 67.
Rd6 Kg7 68. Bf2 Ra8 69. Bd4 Rf8 70. Kg3 Rf7 71. Kf4 h6 72. Ke4 h5 73. h4 Re7+
74. Kf4 Rf7 75. g4 hxg4 76. fxg4 Rf8 77. g5 Rf7 78. Rxf6 Rxf6+ 79. gxf6+ Kf7 80.
Kg5 1-0

[Event "Moscow Open F Women"]
[Site "Moscow RUS"]
[Date "2011.02.01"]
[Round "4.41"]
[White "Trapeznikova, Darya"]
[Black "Zasypkina, Evgenia"]
[Result "1-0"]
[WhiteElo "1991"]
[BlackElo "1855"]
[WhiteFideId "24121118"]
[BlackFideId "24102784"]
[EventDate "2011.01.29"]

1. d4 d5 2. c4 e6 3. Nc3 c6 4. e3 f5 5. Bd3 Nf6 6. Qc2 Ne4 7. Nge2 Bd6 8. O-O
Qc7 9. h3 O-O 10. c5 Be7 11. b4 Nd7 12. a4 e5 13. f3 Nxc3 14. Qxc3 e4 15. Bc2
Nf6 16. f4 h6 17. b5 Bd7 18. Rb1 Qc8 19. Bd2 Qe8 20. bxc6 Bxc6 21. Rb2 Qd7 22.
a5 a6 23. Ra1 Ne8 24. Qb4 Nc7 25. Ba4 Rab8 26. Nc3 Rf7 27. Rab1 Bxa4 28. Qxa4
Qxa4 29. Nxa4 Nb5 30. Nc3 Nxc3 31. Bxc3 Bd8 32. c6 Rc7 33. Rxb7 Rcxb7 34. Rxb7
Rxb7 35. cxb7 Bc7 36. g4 g6 37. Kg2 fxg4 38. hxg4 Kf7 39. Be1 Ke6 40. f5+ gxf5
41. Bg3 Kd7 42. Bxc7 Kxc7 43. gxf5 1-0

[Event "Moscow Open F Women"]
[Site "Moscow RUS"]
[Date "2011.02.01"]
[Round "4.43"]
[White "Achinova, Giliana"]
[Black "Aseeva, Anastasia"]
[Result "1-0"]
[WhiteElo "1936"]
[BlackElo "1807"]
[WhiteFideId "4102428"]
[BlackFideId "4184971"]
[EventDate "2011.01.29"]

1. e4 c5 2. Nc3 d6 3. g3 Nf6 4. Bg2 g6 5. Nge2 Bg7 6. O-O O-O 7. d3 Nc6 8. h3
Rb8 9. f4 Bd7 10. g4 b5 11. Ng3 b4 12. Nce2 e5 13. f5 Ne8 14. Be3 a5 15. Qd2 f6
16. h4 Ne7 17. Rf2 Rc8 18. Raf1 Qc7 19. g5 c4 20. gxf6 Bxf6 21. Bg5 cxd3 22.
cxd3 Qc2 23. Qxc2 Rxc2 24. fxg6 Kg7 25. Nh5+ Kg8 26. gxh7+ Kxh7 27. Nxf6+ Nxf6
28. Bxf6 Ng8 29. Bg5 Rxf2 30. Rxf2 Bb5 31. Nc1 Rc7 32. Bf1 Nh6 33. Nb3 a4 34.
Na5 Nf7 35. Be3 Kg7 36. Nc4 Bc6 37. Rg2+ Kh7 38. Rf2 d5 39. exd5 Bxd5 40. Rf5
Kg6 41. Rf2 e4 42. Nb6 Bxa2 43. Nxa4 Bb1 44. dxe4 Bxe4 45. Rf4 Bc2 46. Rxb4 Re7
47. Bc5 Re1 48. Kf2 Re5 49. Be3 Rf5+ 50. Ke1 Ne5 51. Be2 Bd3 52. Nc5 Bxe2 53.
Kxe2 Kh5 54. Ne4 Kg6 55. Rb6+ Kh7 56. Ng5+ Kg8 57. Rb8+ Kg7 58. Bd4 Kg6 59. Bxe5
Rxe5+ 60. Kf3 Rf5+ 61. Kg4 Rc5 62. Rb6+ Kg7 63. Ne6+ 1-0

[Event "Moscow Open F Women"]
[Site "Moscow RUS"]
[Date "2011.02.01"]
[Round "4.45"]
[White "Sigua, Irina"]
[Black "Skakun, Valentina"]
[Result "0-1"]
[WhiteElo "1731"]
[BlackElo "1925"]
[WhiteFideId "24158976"]
[BlackFideId "24133469"]
[EventDate "2011.01.29"]

1. e4 c5 2. Nf3 g6 3. d4 Bg7 4. d5 d6 5. h3 Nf6 6. Nc3 O-O 7. Be2 Na6 8. O-O Nc7
9. Bf4 b5 10. e5 Nh5 11. Bh2 b4 12. Nb5 dxe5 13. Nxe5 Nxd5 14. Nc6 Qd7 15. Bf3
e6 16. Bxd5 exd5 17. Nc7 Qxc6 18. Nxa8 Qxa8 19. Bd6 Re8 20. Bxc5 Nf4 21. Qf3
Ne2+ 22. Kh1 Bb7 23. Rfe1 d4 24. Qg4 Re4 25. Rxe2 Rxg4 26. hxg4 Bxg2+ 27. Kh2
Bf3 28. Re7 Bf8 29. Rxa7 Qb8+ 30. Kh3 Bxc5 31. Rd7 Qc8 32. Rxd4 Bxd4 0-1

[Event "Moscow Open F Women"]
[Site "Moscow RUS"]
[Date "2011.02.01"]
[Round "4.47"]
[White "Saikhanzaya, Ganbaatar"]
[Black "Lisachenko, Natalia"]
[Result "1-0"]
[WhiteElo "1704"]
[BlackElo "1903"]
[WhiteFideId "4900030"]
[BlackFideId "4174151"]
[EventDate "2011.01.29"]

1. d4 d5 2. c4 e6 3. Nc3 Nf6 4. Bg5 Nbd7 5. e3 Be7 6. Nf3 O-O 7. cxd5 exd5 8.
Bd3 c6 9. Qc2 Re8 10. O-O Nf8 11. h3 Nh5 12. Bxe7 Qxe7 13. a3 Qf6 14. Qd1 g6 15.
b4 a6 16. a4 Bd7 17. a5 Ng7 18. Na4 Rad8 19. Ne5 Bc8 20. Be2 Qd6 21. Qb3 Nd7 22.
Nd3 Ne6 23. Bf3 Ng5 24. Qd1 Ne4 25. Ndc5 Ng5 26. h4 Nxf3+ 27. Qxf3 h5 28. Rab1
Qc7 29. Rfc1 Qd6 30. Nc3 Kg7 31. Ne2 Nf6 32. Nf4 Ne4 33. Qd1 Qe7 34. Nxe4 Qxe4
35. Qf3 Qe7 36. Qg3 Kh6 37. Rc3 Bf5 38. Rb2 Qf6 39. Nh3 Bxh3 40. Qxh3 Re4 41. g3
Qf3 42. Qg2 Qf6 43. Rd3 Rde8 44. Rbb3 Rg8 45. f3 Re6 46. e4 dxe4 47. fxe4 Qe7
48. e5 f6 49. Qd2+ Kh7 50. exf6 Re1+ 51. Kf2 Qxf6+ 52. Kxe1 Re8+ 53. Re3 Rd8 54.
Re4 Rf8 55. Rf4 Re8+ 56. Re3 Qd8 57. Rxe8 Qxe8+ 58. Kf2 1-0

[Event "Moscow Open F Women"]
[Site "Moscow RUS"]
[Date "2011.02.01"]
[Round "4.48"]
[White "Bauyrzhan, Arnash"]
[Black "Mokshanova, Elizaveta"]
[Result "1-0"]
[WhiteElo "1900"]
[BlackElo "1711"]
[WhiteFideId "13706322"]
[BlackFideId "24160679"]
[EventDate "2011.01.29"]

1. e4 c5 2. Nf3 e6 3. d4 cxd4 4. Nxd4 Nc6 5. Nb5 d6 6. c4 Nf6 7. N1c3 a6 8. Na3
Be7 9. Be2 O-O 10. Be3 Qa5 11. O-O d5 12. Bd2 Bxa3 13. bxa3 Qc5 14. Na4 Qxa3 15.
Nb6 Rb8 16. exd5 Nd4 17. Bf4 Qb2 18. Bxb8 Nxe2+ 19. Kh1 Nc3 20. Qb3 Qd2 21. Na4
Nxa4 22. Bd6 Re8 23. Qxa4 exd5 24. Rad1 Qe2 25. Bb4 Bd7 26. Qb3 dxc4 27. Qg3 Ba4
28. Rde1 Qc2 29. Bc3 Qf5 30. Bxf6 Qxf6 31. Rxe8+ Bxe8 32. Re1 Qc6 33. Qe5 Kf8
34. Qe7+ 1-0

[Event "Moscow Open F Women"]
[Site "Moscow RUS"]
[Date "2011.02.01"]
[Round "4.53"]
[White "Vasiukova, Ekaterina"]
[Black "Terentieva, Alena"]
[Result "1/2-1/2"]
[WhiteElo "1746"]
[BlackElo "1700"]
[WhiteFideId "24114626"]
[BlackFideId "24141291"]
[EventDate "2011.01.29"]

1. d4 Nf6 2. c4 e6 3. Nc3 Bb4 4. Qc2 d5 5. a3 Bxc3+ 6. Qxc3 Nbd7 7. Nf3 b6 8.
cxd5 Nxd5 9. Qc6 Rb8 10. e4 Bb7 11. Qc2 N5f6 12. Bd3 h6 13. Bf4 Rc8 14. Nd2 O-O
15. b4 Re8 16. O-O e5 17. Be3 exd4 18. Bxd4 Ne5 19. Bxe5 Rxe5 20. Nc4 Rh5 21. f3
Qd4+ 22. Kh1 Ba6 23. Nb2 Bxd3 24. Nxd3 c5 25. Nf4 Re5 26. Rad1 Qe3 27. Nd3 Ree8
28. Rfe1 Qg5 29. bxc5 bxc5 30. Qc4 Nd7 1/2-1/2

[Event "Moscow Open F Women"]
[Site "Moscow RUS"]
[Date "2011.02.01"]
[Round "4.57"]
[White "Vanchikova, Dulma"]
[Black "Loginova, Tatiana"]
[Result "1-0"]
[WhiteElo "1719"]
[BlackElo "1599"]
[WhiteFideId "4170792"]
[BlackFideId "24174700"]
[EventDate "2011.01.29"]

1. e4 c6 2. Nf3 d5 3. exd5 cxd5 4. h3 Bf5 5. Bb5+ Nc6 6. Nd4 Bd7 7. Nxc6 Bxc6 8.
Bxc6+ bxc6 9. d4 e6 10. c3 Nf6 11. O-O c5 12. Be3 c4 13. Nd2 Be7 14. f4 O-O 15.
f5 Nd7 16. Qg4 Kh8 17. fxe6 Nf6 18. Qf5 g6 19. Qe5 fxe6 20. Bh6 Re8 21. Bg5 Rf8
22. Qxe6 Rb8 23. b3 Rb6 24. Qe5 cxb3 25. axb3 Qd7 26. Rae1 Bd8 27. b4 Kg7 28.
Qf4 Kg8 29. Qh4 Rc6 30. Rf3 Qc7 31. Ree3 Qb8 32. Nb3 Qc7 33. Nc5 Qc8 34. Qe1 Kf7
35. Qf1 Kg7 36. Qe1 Kf7 37. Qh4 Kg8 38. Re1 h5 39. Ref1 Kg7 40. Qf4 Kg8 41. Bh6
Rf7 42. Qg5 Kh7 43. Qf4 Be7 44. Bg5 Kg7 45. Qe5 Qh8 46. Ne6+ Kh7 47. Bxf6 Bxf6
48. Rxf6 Rxf6 49. Rxf6 Rc8 50. Ng5+ Kh6 51. Nf7+ 1-0